Entry Nombre personal
001 - NÚMERO DE CONTROL
- campo de control: 20015
003 - IDENTIFICADOR DE NÚMERO DE CONTROL
- campo de control: SpMaBN
005 - FECHA Y HORA DE LA ÚLTIMA TRANSACCIÓN
- campo de control: 20230906155707.0
008 - ELEMENTOS DE DATO DE LONGITUD-FIJA
- campo de control de longitud fija: 900725nn ainnnaabn n aac
016 ## - NÚMERO DE CONTROL DE UNA AGENCIA BIBLIOGRÁFICA NACIONAL
- Número de control del registro: BNE19970063571
040 ## - FUENTE DE CATALOGACIÓN
- Centro catalogador/agencia de origen: SpMaBN
- Lengua de catalogación: spa
- Centro/agencia transcriptor: SpMaBN
- Normas de descripción: rdc
- Convención/Normas de encabezamiento de materia/tesauro: embne
046 ## - FECHAS CON CODIFICACIÓN ESPECIAL
- Fecha de nacimiento: 1882
- Fecha de la muerte: 1938
100 1# - ENCABEZAMIENTO-NOMBRE DE PERSONA
- Nombre de persona: Allende-Salazar, Juan,
- Fechas asociadas al nombre: 1882-1938
373 ## - GRUPO ASOCIADO
- Grupo asociado: Ateneo de Madrid
- Fuente de información: Cargos históricos del Ateneo de Madrid 1835-1936 (Archivo del Ateneo); Listado de socios anteriores a 1 de abril de 1939 (Archivo del Ateneo)
375 ## - GÉNERO/SEXO
- Género: Masculino
400 1# - TRAZADO DE VÉASE--NOMBRE DE PERSONA
- Nombre de persona: Allende-Salazar Zaragoza, Juan,
- Fechas asociadas al nombre: 1882-1938
400 1# - TRAZADO DE VÉASE--NOMBRE DE PERSONA
- Nombre de persona: Allende Salazar, Juan,
- Fechas asociadas al nombre: 1882-1938
670 ## - FUENTE DE DATOS ENCONTRADOS
- Cita de la fuente: WWW DBE, 8-5-2018
- Información encontrada: (Juan Allende-Salazar Zaragoza, historiador del arte y bibliófilo, Guernica, Vizcaya, 24-8-1882 -- 13-9-1938)
- Identificador Uniforme de Recursos: http://dbe.rah.es/biografias/23914/juan-allende-salazar-zarago za
670 ## - FUENTE DE DATOS ENCONTRADOS
- Cita de la fuente: WWW BN España aut., 06/09/2023
- Información encontrada: (Allende-Salazar, Juan, 1882-1938)
678 ## - DATOS BIOGRÁFICOS O HISTÓRICOS
- Datos biográficos o históricos: Socio del Ateneo de Madrid n. 8208. Secretario primero de la Sección de Artes Plásticas en 1913-16. Vicepresidente de la Sección de Artes Plásticas en 1935-36
- Ampliación de la nota: Fuentes: Cargos históricos del Ateneo de Madrid 1835-1936 (Archivo del Ateneo); Listado de socios anteriores a 1 de abril de 1939 (Archivo del Ateneo)
